[Event "FIDE World Bl Team Pool A"]
[Site "London ENG"]
[Date "2025.06.14"]
[Round "6.3"]
[White "Eken, Atakan"]
[Black "Volokitin, Andrei"]
[Result "1/2-1/2"]
[BlackTitle "GM"]
[WhiteElo "2010"]
[BlackElo "2626"]
[WhiteTeam "Satranc Istanbul"]
[BlackTeam "Ashdod Elit Chess Club"]
[WhiteFideId "6375626"]
[BlackFideId "14107090"]
[EventDate "2025.06.14"]
[EventType "team"]

1. d4 Nf6 2. Nf3 d5 3. c4 e6 4. cxd5 exd5 5. Nc3 c6 6. Bg5 h6 7. Bf4 Bf5 8. e3
Qb6 9. Qc1 Nbd7 10. Be2 Be7 11. O-O O-O 12. h3 Rfe8 13. Ne5 Nxe5 14. Bxe5 Qd8
15. a3 Qd7 16. b4 Ne4 17. Nxe4 Bxe4 18. Qd2 Bd6 19. Bxd6 Qxd6 20. Bd3 Bxd3 21.
Qxd3 a6 22. Rfe1 Re6 23. Rab1 a5 24. b5 c5 25. dxc5 Qxc5 26. Rec1 Qd6 27. a4 Rd8
28. Rd1 Re4 29. Qxe4 dxe4 30. Rxd6 Rxd6 31. Rc1 f5 32. Rc7 Rd1+ 33. Kh2 Ra1 34.
Rxb7 Rxa4 35. Ra7 Kh7 36. b6 Kg6 37. b7 Rb4 38. Rxa5 Rxb7 39. Kg3 Kf6 40. f3 Rb3
41. Kf2 Rb2+ 42. Kg3 Re2 43. Ra3 Ke5 44. Ra5+ Kf6 45. Ra3 g5 46. fxe4 fxe4 47.
Ra6+ Kg7 48. Ra7+ Kg6 49. Ra6+ Kh5 50. Ra4 Rxe3+ 51. Kf2 Rb3 52. Rxe4 Kg6 53.
Rc4 1/2-1/2

[Event "FIDE World Bl Team Pool A"]
[Site "London ENG"]
[Date "2025.06.14"]
[Round "6.4"]
[White "Eljanov, Pavel"]
[Black "Tahaoglu, Ugur Barkin"]
[Result "1-0"]
[WhiteTitle "GM"]
[WhiteElo "2669"]
[BlackElo "2015"]
[WhiteTeam "Ashdod Elit Chess Club"]
[BlackTeam "Satranc Istanbul"]
[WhiteFideId "14102951"]
[BlackFideId "6303331"]
[EventDate "2025.06.14"]
[EventType "team"]

1. d4 Nf6 2. Nf3 e6 3. Bf4 c5 4. e3 cxd4 5. exd4 b6 6. a4 a6 7. c3 Bb7 8. h3 Be7
9. Bd3 d6 10. O-O O-O 11. Re1 Nbd7 12. Na3 Re8 13. Bh2 Qc7 14. Nc2 Bc6 15. Nb4
Bb7 16. Qe2 Qc8 17. Nd2 e5 18. Rac1 Bf8 19. dxe5 dxe5 20. Ne4 Nxe4 21. Bxe4 Bxe4
22. Qxe4 Nc5 23. Qc2 Qd7 24. b3 Rad8 25. Rcd1 Qc8 26. Rxd8 Qxd8 27. c4 Qd4 28.
Rd1 Qh4 29. Nd5 Ne6 30. Bxe5 Bc5 31. b4 Bd4 32. Bxd4 Nxd4 33. Qd3 Ne2+ 34. Kf1
Qh5 35. Re1 1-0

[Event "FIDE World Bl Team Pool A"]
[Site "London ENG"]
[Date "2025.06.14"]
[Round "6.5"]
[White "Kalender, Murat Emre"]
[Black "Manakova, Maria"]
[Result "0-1"]
[BlackTitle "WGM"]
[WhiteElo "1782"]
[BlackElo "2253"]
[WhiteTeam "Satranc Istanbul"]
[BlackTeam "Ashdod Elit Chess Club"]
[WhiteFideId "34531815"]
[BlackFideId "927007"]
[EventDate "2025.06.14"]
[EventType "team"]

1. d4 e6 2. Bf4 f5 3. Nc3 Nf6 4. e3 d5 5. h3 Be7 6. Nf3 O-O 7. Bd3 c5 8. Nb5 Na6
9. O-O Ne4 10. Bxe4 fxe4 11. Ne5 Bd7 12. Nc3 Be8 13. f3 cxd4 14. exd4 Rxf4 15.
fxe4 Rxf1+ 16. Qxf1 dxe4 17. Rd1 Nb4 18. Nxe4 Nd5 19. Qe2 Bf6 20. Ng4 Bf7 21. c4
Nf4 22. Qf3 Bxd4+ 23. Kh2 Ng6 24. Qd3 Qc7+ 25. Kh1 e5 26. Qf3 Rf8 27. Rf1 Bxc4
28. Nef6+ gxf6 29. Nxf6+ Rxf6 30. Qxf6 Bxf1 31. Qe6+ Qf7 32. Qc8+ Kg7 33. Qg4
Qf2 34. Qd7+ Kh6 0-1

[Event "FIDE World Bl Team Pool A"]
[Site "London ENG"]
[Date "2025.06.14"]
[Round "6.6"]
[White "Sailaubay, Aldiyar"]
[Black "Demir, Aleyna"]
[Result "1-0"]
[WhiteElo "1910"]
[BlackElo "1651"]
[WhiteTeam "Ashdod Elit Chess Club"]
[BlackTeam "Satranc Istanbul"]
[WhiteFideId "13729357"]
[BlackFideId "6378323"]
[EventDate "2025.06.14"]
[EventType "team"]

1. e4 d5 2. exd5 Qxd5 3. Nc3 Qa5 4. d4 c6 5. Nf3 Qc7 6. h3 Nf6 7. Bd3 Nbd7 8.
Ne2 Nb6 9. Bf4 Qd8 10. c3 Nbd5 11. Bg3 e6 12. O-O Bd6 13. Ne5 O-O 14. a3 Qc7 15.
c4 Ne7 16. c5 Bxe5 17. Bxe5 Qd7 18. Qc2 Ng6 19. Bxf6 gxf6 20. Rae1 Qd5 21. Bc4
Qh5 22. Ng3 Qh4 23. Re4 Qh6 24. Ree1 e5 25. Ne4 Kg7 26. Nd6 Bxh3 27. gxh3 Qxh3
28. Re3 Qg4+ 29. Rg3 Qh5 30. dxe5 Qxe5 31. Qf5 Qxf5 32. Nxf5+ Kh8 33. Nd6 Nf4
34. Nxf7+ Rxf7 35. Bxf7 Ne2+ 36. Kg2 Nxg3 37. fxg3 Kg7 38. Bc4 Rd8 39. b4 Rd2+
40. Rf2 Rd1 41. Be6 Re1 42. Bc8 b6 43. Bb7 Re6 44. Rc2 b5 45. Rd2 Re3 46. Ra2
Re6 47. Kf3 h5 48. Re2 Re5 49. Rxe5 fxe5 50. Bxc6 Kf6 51. Bxb5 1-0

[Event "FIDE World Bl Team Pool A"]
[Site "London ENG"]
[Date "2025.06.14"]
[Round "6.1"]
[White "Hansen, Eric"]
[Black "Bjerre, Jonas Buhl"]
[Result "1-0"]
[WhiteTitle "GM"]
[BlackTitle "GM"]
[WhiteElo "2609"]
[BlackElo "2651"]
[WhiteTeam "ChessbrahTV"]
[BlackTeam "¡Ållez-Y Initiative!"]
[WhiteFideId "2606771"]
[BlackFideId "1444948"]
[EventDate "2025.06.14"]
[EventType "team"]

1. e4 c5 2. Nf3 g6 3. c4 Bg7 4. d4 cxd4 5. Nxd4 Nc6 6. Be3 Qb6 7. Nb3 Qd8 8. Qd2
Nf6 9. f3 d6 10. Be2 O-O 11. O-O Be6 12. Nc3 Nd7 13. Kh1 Rc8 14. Rac1 a5 15.
Rfd1 b6 16. a3 Nc5 17. Qc2 f5 18. Nxc5 bxc5 19. Bxc5 Ne5 20. Bd4 Nxc4 21. exf5
Rxf5 22. Qe4 Bf7 23. Bxg7 Kxg7 24. Bxc4 Rxc4 25. Qe3 Re5 26. Qxe5+ 1-0

[Event "FIDE World Bl Team Pool A"]
[Site "London ENG"]
[Date "2025.06.14"]
[Round "6.2"]
[White "Jacobsen, Mikkel Manosri"]
[Black "Ragnarsson, Dagur"]
[Result "1/2-1/2"]
[WhiteTitle "FM"]
[BlackTitle "IM"]
[WhiteElo "2223"]
[BlackElo "2349"]
[WhiteTeam "¡Ållez-Y Initiative!"]
[BlackTeam "ChessbrahTV"]
[WhiteFideId "1444514"]
[BlackFideId "2304058"]
[EventDate "2025.06.14"]
[EventType "team"]

1. d4 Nf6 2. Nf3 g6 3. g3 Bg7 4. Bg2 O-O 5. O-O d5 6. b3 a5 7. a3 Ne4 8. Bb2 c5
9. Nbd2 Nc6 10. c3 cxd4 11. Nxd4 Nxd2 12. Qxd2 Nxd4 13. cxd4 e6 14. Rfc1 Qb6 15.
Qd3 Bd7 16. Rc5 Rfc8 17. Rac1 Bf8 18. Rxc8 Rxc8 19. Rxc8 Bxc8 20. e3 Bd7 21. Bf1
Qc7 22. Qd2 Bd6 23. Bc3 b6 24. a4 h5 25. h4 Bf8 26. Kg2 Bd6 27. Kg1 Bf8 28. Kg2
Bd6 1/2-1/2

[Event "FIDE World Bl Team Pool A"]
[Site "London ENG"]
[Date "2025.06.14"]
[Round "6.3"]
[White "Delaney, Killian"]
[Black "Muetsch, Annmarie"]
[Result "0-1"]
[WhiteTitle "FM"]
[BlackTitle "WIM"]
[WhiteElo "2275"]
[BlackElo "2271"]
[WhiteTeam "ChessbrahTV"]
[BlackTeam "¡Ållez-Y Initiative!"]
[WhiteFideId "2501570"]
[BlackFideId "12971367"]
[EventDate "2025.06.14"]
[EventType "team"]

1. e4 d6 2. d4 Nf6 3. Nc3 e5 4. Nf3 Nbd7 5. Bc4 Be7 6. a4 a5 7. O-O c6 8. Re1 h6
9. b3 Qc7 10. Ba3 Nf8 11. dxe5 dxe5 12. Bxe7 Qxe7 13. Nh4 g6 14. Qe2 Ne6 15. g3
Nd4 16. Qd3 Kf8 17. Ne2 Nxe2+ 18. Rxe2 Kg7 19. Rd1 Bg4 20. Qe3 Bxe2 21. Bxe2
Rad8 22. Rf1 Qb4 23. Bd3 Qd4 24. Qe2 h5 25. Nf3 Qc5 26. Bc4 Nh7 27. Kg2 Rd7 28.
h3 Rhd8 29. g4 Nf6 30. Ng5 Qb6 31. f4 Rd2 32. fxe5 Rxe2+ 33. Bxe2 Ne8 34. Rxf7+
Kg8 35. Bc4 Rd2+ 36. Rf2+ Kg7 37. Rxd2 Qe3 38. Rd7+ Kh6 39. Nf7+ Kg7 40. Nd6+
Kh6 41. Nxe8 Kg5 42. gxh5 Qxe4+ 43. Kf2 Qf5+ 44. Ke3 Qxd7 45. Nf6 Qe7 46. hxg6
Qxe5+ 47. Ne4+ Kxg6 48. Bd3 Kg7 0-1

[Event "FIDE World Bl Team Pool A"]
[Site "London ENG"]
[Date "2025.06.14"]
[Round "6.4"]
[White "Loftgaard, Mikkel Vinh"]
[Black "Vincent, Trevor"]
[Result "1-0"]
[WhiteTitle "FM"]
[WhiteElo "2243"]
[BlackElo "2226"]
[WhiteTeam "¡Ållez-Y Initiative!"]
[BlackTeam "ChessbrahTV"]
[WhiteFideId "1468480"]
[BlackFideId "2605600"]
[EventDate "2025.06.14"]
[EventType "team"]

1. e4 e5 2. Nf3 Nc6 3. d4 exd4 4. Nxd4 Nf6 5. Nc3 Bb4 6. Nxc6 bxc6 7. Bd3 d5 8.
exd5 cxd5 9. O-O O-O 10. Bg5 c6 11. Re1 Be6 12. a3 Bd6 13. Qf3 Rb8 14. b4 h6 15.
Bh4 Be7 16. Na4 Nd7 17. Bg3 Ra8 18. h3 a5 19. b5 cxb5 20. Bxb5 Nb6 21. Nxb6 Qxb6
22. Bd3 Bf6 23. Rab1 Qc5 24. Bf4 Bc3 25. Red1 a4 26. Qg3 Kh8 27. Bd6 Qc8 28.
Bxf8 Qxf8 29. Bc4 Qxa3 30. Bxd5 Bxd5 31. Rxd5 Qa2 32. Rbd1 Bf6 33. Qf3 Qxc2 34.
Rd7 Qc8 35. Rxf7 Qg8 36. Rdd7 Bb2 37. Ra7 Rxa7 38. Rxa7 a3 39. Ra8 a2 40. Rxg8+
Kxg8 41. Qb3+ Kh8 42. Qxb2 1-0

[Event "FIDE World Bl Team Pool A"]
[Site "London ENG"]
[Date "2025.06.14"]
[Round "6.5"]
[White "Garcia Martin, Marta"]
[Black "Jalving, August"]
[Result "1/2-1/2"]
[WhiteTitle "IM"]
[BlackTitle "CM"]
[WhiteElo "2339"]
[BlackElo "2306"]
[WhiteTeam "ChessbrahTV"]
[BlackTeam "¡Ållez-Y Initiative!"]
[WhiteFideId "32084030"]
[BlackFideId "1471759"]
[EventDate "2025.06.14"]
[EventType "team"]

1. e4 c5 2. Nf3 d6 3. Bb5+ Nd7 4. O-O a6 5. Be2 Ngf6 6. d3 g6 7. c4 Bg7 8. Nc3
O-O 9. d4 cxd4 10. Nxd4 Qc7 11. Be3 Ne5 12. Rc1 Neg4 13. Nd5 Qd8 14. Nxf6+ Nxf6
15. f3 Bd7 16. Qd2 Rc8 17. b3 Bc6 18. a4 Nd7 19. Rfd1 Nc5 20. Rb1 a5 21. Qe1 Bd7
22. Qf2 Qc7 23. Bf1 b6 24. Kh1 e6 25. Rd2 Rfd8 26. Qg3 Be8 27. Bg5 f6 28. Be3 f5
29. exf5 exf5 30. Bg5 Rd7 31. Nb5 Qb8 32. Bf4 Qa8 33. Bxd6 Rcd8 34. Qf4 Qc6 35.
Rbd1 Nxb3 36. Rd3 Nc5 37. Rd5 Nxa4 38. h4 Nc5 39. h5 Bf7 40. R5d2 Ne6 41. Qh2
gxh5 42. Be2 Nc5 43. Qf4 Bg6 44. Bf1 Bf8 45. Bxf8 Rxd2 46. Rxd2 Rxd2 47. Qxd2
Kxf8 48. Qd8+ Kg7 49. Qe7+ Bf7 50. Nd6 Qd7 51. Qe5+ Kg8 52. Nxf5 Ne6 53. Nh6+
Kf8 54. Qh8+ Ke7 55. Qxh7 Qe8 56. Nf5+ Kf6 57. Ng3 Qd8 58. Qh6+ Ke7 59. Nf5+ Kd7
60. Qe3 Qg5 61. Qd3+ Ke8 62. Nd6+ Kf8 63. Qd1 h4 64. Ne4 Qf4 65. Qd5 h3 66. gxh3
Qxf3+ 67. Bg2 Qe3 68. Qd6+ Kg7 69. Qe5+ Kf8 70. Qb8+ Kg7 71. Qe5+ Kf8 72. Qh8+
Bg8 73. Qf6+ Bf7 74. Qh8+ Bg8 75. Qf6+ Bf7 76. Nd6 Qc1+ 77. Kh2 Qf4+ 78. Qxf4
Nxf4 79. Bf1 a4 80. Nb5 Ne6 81. Kg3 Nc5 82. Kf4 Be8 83. Na3 Ke7 84. Ke5 Bf7 85.
h4 Nd7+ 86. Kd4 Kd6 87. Be2 Ne5 88. h5 Nc6+ 89. Kc3 Ne5 90. Kb4 Be8 91. h6 Ng6
92. Bd3 Nh8 93. Bc2 Ke5 94. Bxa4 Bxa4 95. Kxa4 Kf6 96. Kb5 Nf7 97. h7 Kg7 98.
Kxb6 Kxh7 99. c5 Ne5 100. Kb7 Kg6 101. Nb5 Kf6 102. Nd4 Nc4 103. Kc6 Ke5 104.
Nf3+ Ke6 105. Kb5 Nd6+ 106. Kb6 Nc4+ 107. Kb5 Nd6+ 108. Kb4 Nb7 109. c6 Kd6 1/2-1/2

[Event "FIDE World Bl Team Pool A"]
[Site "London ENG"]
[Date "2025.06.14"]
[Round "6.6"]
[White "McCallum, Elliot"]
[Black "Grose, Kameron"]
[Result "1/2-1/2"]
[WhiteElo "1924"]
[BlackElo "1907"]
[WhiteTeam "¡Ållez-Y Initiative!"]
[BlackTeam "ChessbrahTV"]
[WhiteFideId "2645718"]
[BlackFideId "474010"]
[EventDate "2025.06.14"]
[EventType "team"]

1. e4 c5 2. c3 d5 3. exd5 Qxd5 4. d4 g6 5. Nf3 Bg7 6. Nbd2 cxd4 7. Bc4 Qd8 8.
Nxd4 Nf6 9. O-O O-O 10. N2f3 Nbd7 11. Bf4 Nb6 12. Bb3 Nbd5 13. Bg3 Bg4 14. h3
Bxf3 15. Qxf3 e6 16. Rad1 Qb6 17. Rfe1 a5 18. Be5 a4 19. Bxd5 Nxd5 20. Bxg7 Kxg7
21. Qg3 Nf6 22. Re2 Rfd8 23. Rde1 a3 24. b3 Qc5 25. Rxe6 Rac8 26. Qf3 Ng8 27.
R6e3 Nf6 28. Kh1 Nd5 29. Rd3 Re8 30. Rxe8 Rxe8 31. Nf5+ gxf5 32. Qxd5 Re1+ 33.
Kh2 Qc7+ 34. Rg3+ Kf8 35. Qxf5 Re6 36. Qg5 Rg6 37. Qe3 h5 38. Kg1 Re6 39. Qg5
Re1+ 40. Kh2 Re5 41. Qg7+ Ke7 42. Qh6 b5 43. Qg7 h4 44. Rf3 Re1+ 45. g3 hxg3+
46. Qxg3 Qxg3+ 47. Rxg3 Ra1 48. Rg5 Rxa2 49. Rxb5 Rxf2+ 50. Kg3 Rc2 51. Ra5
Rxc3+ 52. Kg4 Rxb3 53. Ra7+ Kf6 54. Ra6+ Kg7 55. h4 Rb4+ 56. Kg5 Rb3 57. h5 Rg3+
58. Kh4 Rc3 59. h6+ Kh7 60. Ra7 Kxh6 61. Rxf7 Rc4+ 62. Kg3 Ra4 63. Rf1 Kg5 64.
Ra1 Kf5 65. Kf3 Ke5 66. Ke3 Kd5 67. Kd3 Rh4 68. Kc2 Rh3 69. Rd1+ Kc4 70. Kb1 Kb3
71. Ka1 Kc2 72. Rg1 Rd3 73. Rf1 Kb3 74. Rb1+ Kc2 75. Rg1 Rd2 76. Rf1 Kc3 77.
Rf3+ Kb4 78. Rf4+ Kb3 79. Rf3+ Kb4 80. Rf4+ Kc3 81. Rf3+ Rd3 82. Rxd3+ Kxd3 83.
Ka2 Kc4 84. Kxa3 1/2-1/2

[Event "FIDE World Bl Team Pool A"]
[Site "London ENG"]
[Date "2025.06.14"]
[Round "7.2"]
[White "Vachier-Lagrave, Maxime"]
[Black "Rusu, Lucas"]
[Result "1-0"]
[WhiteTitle "GM"]
[WhiteElo "2736"]
[BlackElo "2038"]
[WhiteTeam "WR Chess Team"]
[BlackTeam "xChess.AI"]
[WhiteFideId "623539"]
[BlackFideId "42206472"]
[EventDate "2025.06.14"]
[EventType "team"]

1. Nf3 Nf6 2. c4 c5 3. g3 Nc6 4. Bg2 g6 5. d4 cxd4 6. Nxd4 Bg7 7. Nc3 O-O 8. O-O
Nxd4 9. Qxd4 d6 10. Qd3 Nd7 11. b3 Nc5 12. Qd2 Bf5 13. Bb2 Rb8 14. Rfd1 a6 15.
Nd5 Bxb2 16. Qxb2 b5 17. cxb5 axb5 18. Rac1 b4 19. h4 h5 20. Rd4 Re8 21. Nxb4
Qc7 22. Nd5 Qa7 23. Qd2 Rec8 24. Rdc4 Be6 25. R4c2 Na6 26. Nf4 Rxc2 27. Rxc2 Qd7
28. Bc6 Qc8 29. Bd5 Qd7 30. Bxe6 fxe6 31. Qd3 Nc5 32. Qxg6+ 1-0

[Event "FIDE World Bl Team Pool A"]
[Site "London ENG"]
[Date "2025.06.14"]
[Round "7.3"]
[White "Badescu, Matei-Andrei"]
[Black "So, Wesley"]
[Result "0-1"]
[BlackTitle "GM"]
[WhiteElo "1947"]
[BlackElo "2745"]
[WhiteTeam "xChess.AI"]
[BlackTeam "WR Chess Team"]
[WhiteFideId "42213096"]
[BlackFideId "5202213"]
[EventDate "2025.06.14"]
[EventType "team"]

1. e4 d6 2. d4 Nf6 3. Nc3 e5 4. dxe5 dxe5 5. Qxd8+ Kxd8 6. Bg5 Be6 7. Nf3 Nd7 8.
O-O-O Bd6 9. Bxf6+ gxf6 10. Nd5 Kc8 11. Ne3 Bc5 12. Re1 c6 13. Bd3 a5 14. Nh4
Bxa2 15. Nhf5 a4 16. Bc4 Bxe3+ 17. Nxe3 Bxc4 18. Nxc4 Kc7 19. Rd1 Nc5 20. f3 b5
21. Ne3 a3 22. b4 Na4 23. Rd3 a2 24. Ra3 Nc3 25. Rxa8 Rxa8 26. Kb2 Nb1 27. Ka1
Ra4 28. Re1 Nc3 29. Nd1 Nxd1 30. Rxd1 Rxb4 31. Kxa2 Rd4 32. Rg1 Rd2 33. Kb3 c5
34. Kc3 Rf2 0-1

[Event "FIDE World Bl Team Pool A"]
[Site "London ENG"]
[Date "2025.06.14"]
[Round "7.4"]
[White "Duda, Jan-Krzysztof"]
[Black "Sava, Christiansen-Danut-Eugen"]
[Result "1-0"]
[WhiteTitle "GM"]
[BlackTitle "FM"]
[WhiteElo "2725"]
[BlackElo "2002"]
[WhiteTeam "WR Chess Team"]
[BlackTeam "xChess.AI"]
[WhiteFideId "1170546"]
[BlackFideId "1210114"]
[EventDate "2025.06.14"]
[EventType "team"]

1. d4 d5 2. Bf4 Nf6 3. e3 e6 4. Nf3 Bd6 5. Nbd2 O-O 6. Bd3 c5 7. c3 Nc6 8. Bg3
a6 9. Qe2 b5 10. e4 Be7 11. e5 Nd7 12. h4 h6 13. Bf4 f5 14. exf6 Nxf6 15. Ne5
Nxe5 16. Bxe5 Bd6 17. Nf3 Bxe5 18. Nxe5 Qe8 19. dxc5 d4 20. cxd4 Nd5 21. Qe4 1-0

[Event "FIDE World Bl Team Pool A"]
[Site "London ENG"]
[Date "2025.06.14"]
[Round "7.5"]
[White "Badescu, Eliza-Ioana"]
[Black "Kosteniuk, Alexandra"]
[Result "0-1"]
[BlackTitle "GM"]
[WhiteElo "1832"]
[BlackElo "2474"]
[WhiteTeam "xChess.AI"]
[BlackTeam "WR Chess Team"]
[WhiteFideId "42214890"]
[BlackFideId "4128125"]
[EventDate "2025.06.14"]
[EventType "team"]

1. e4 c6 2. d4 d5 3. exd5 cxd5 4. Bd3 Nc6 5. c3 Nf6 6. h3 g6 7. Nf3 Bf5 8. Be2
Bg7 9. Be3 O-O 10. Nbd2 a6 11. a4 Re8 12. O-O Qc8 13. Re1 h6 14. Nb3 Ne4 15. Bd3
g5 16. Bxe4 Bxe4 17. Nc5 Bg6 18. Qb3 Na5 19. Qd1 b6 20. Nd3 Nc4 21. b3 Nxe3 22.
Rxe3 Be4 23. Nde5 f6 24. Nd3 e5 25. dxe5 fxe5 26. Nb2 Qc6 27. c4 d4 28. Re1 Bxf3
29. Qxf3 e4 30. Qh5 d3 31. Rad1 Bxb2 32. Qg4 Rad8 33. h4 Qe6 34. Qh5 Qf7 35. Qg4
Qf4 36. Qxf4 gxf4 37. f3 e3 38. Kh2 0-1

[Event "FIDE World Bl Team Pool A"]
[Site "London ENG"]
[Date "2025.06.14"]
[Round "7.1"]
[White "Nihal, Sarin"]
[Black "Hansen, Eric"]
[Result "1-0"]
[WhiteTitle "GM"]
[BlackTitle "GM"]
[WhiteElo "2696"]
[BlackElo "2609"]
[WhiteTeam "Ashdod Elit Chess Club"]
[BlackTeam "ChessbrahTV"]
[WhiteFideId "25092340"]
[BlackFideId "2606771"]
[EventDate "2025.06.14"]
[EventType "team"]

1. d4 Nf6 2. Nf3 g6 3. g3 Bg7 4. Bg2 O-O 5. O-O d5 6. c3 c6 7. Re1 Re8 8. Nbd2
Bf5 9. Nh4 Bg4 10. Qb3 Qb6 11. e4 dxe4 12. Nxe4 Nbd7 13. Nxf6+ Nxf6 14. Nf3 Qxb3
15. axb3 Bxf3 16. Bxf3 a6 17. b4 Rad8 18. Kg2 e6 19. h4 h5 20. Bg5 Rd6 21. Re2
Red8 22. Be4 Rc8 23. Bc2 Nd5 24. Bb3 Kh7 25. Bd2 Bh6 26. Be1 Rcd8 27. Kh3 Kg7
28. f3 Kh7 29. Bf2 Kg8 30. Kg2 Kh7 31. Kf1 Ne7 32. g4 Nd5 33. gxh5 gxh5 34. Re5
Bf4 35. Re4 f5 36. Rxf4 Nxf4 37. Bg3 Nd5 38. Bxd6 Rxd6 39. Kf2 Kh6 40. Re1 Nc7
41. Kg3 Kg6 42. Kf4 Kf6 43. Rg1 Nb5 44. Ke3 e5 45. dxe5+ Kxe5 46. f4+ Kf6 47.
Rg5 Rd8 48. Rxh5 Re8+ 49. Kf3 Re1 50. Bc2 Nd6 51. Rh6+ Ke7 52. h5 Rf1+ 53. Ke3
Nc4+ 54. Ke2 Rxf4 55. Rh7+ Kd6 56. b3 Ne5 57. Rxb7 Rh4 58. Bxf5 Rxh5 59. Be4 Rh3
60. Kd2 Rg3 61. Rb6 Rg4 62. Ke3 Kc7 63. Rxa6 Rh4 64. Ra7+ Kd6 65. Rg7 Ng4+ 66.
Kd2 Rh2+ 67. Kc1 Rh3 68. Rxg4 Rxc3+ 69. Kb2 Re3 70. Rg6+ 1-0

[Event "FIDE World Bl Team Pool A"]
[Site "London ENG"]
[Date "2025.06.14"]
[Round "7.2"]
[White "Ragnarsson, Dagur"]
[Black "Moiseenko, Alexander"]
[Result "0-1"]
[WhiteTitle "IM"]
[BlackTitle "GM"]
[WhiteElo "2349"]
[BlackElo "2568"]
[WhiteTeam "ChessbrahTV"]
[BlackTeam "Ashdod Elit Chess Club"]
[WhiteFideId "2304058"]
[BlackFideId "14102560"]
[EventDate "2025.06.14"]
[EventType "team"]

1. Nf3 d5 2. g3 Nc6 3. d4 Bf5 4. Bg2 Nb4 5. Na3 e6 6. O-O Be7 7. c3 Nc6 8. Qb3
Rb8 9. Bf4 Nf6 10. Nb5 Rc8 11. c4 O-O 12. cxd5 exd5 13. Rac1 Be4 14. Rfd1 a6 15.
Nc3 Na5 16. Qa4 Nc4 17. Nxe4 Nxe4 18. Qc2 c6 19. Ne1 f5 20. Nd3 Bf6 21. b3 Ncd6
22. Be5 Nb5 23. e3 Qe7 24. f3 Ng5 25. a4 Nd6 26. Qc5 Ngf7 27. f4 Qe6 28. Nf2
Rfe8 29. h3 g6 30. g4 Bxe5 31. dxe5 Ne4 32. gxf5 gxf5 33. Bxe4 fxe4 34. Kh2 Kh8
35. Rg1 Rg8 36. Ng4 Rg6 37. Nf6 Nxe5 38. fxe5 Qxe5+ 39. Kh1 Qxf6 40. Rgf1 Qg7
41. Rf2 Rg8 42. Qd4 Qxd4 43. exd4 Rg3 44. Kh2 e3 45. Re2 Rf3 46. Rg1 Rxg1 47.
Kxg1 Kg7 48. Kg2 Rf4 49. Rxe3 Kf6 50. Rd3 h5 51. Kg3 Kg5 52. b4 h4+ 53. Kg2 Kf5
54. b5 axb5 55. axb5 Ke4 56. Rd1 Ke3 57. bxc6 bxc6 58. Rc1 Rf2+ 59. Kg1 Rf6 60.
Rd1 Ke2 61. Ra1 Rg6+ 62. Kh2 Ke3 63. Rd1 Kf3 64. Rd3+ Ke2 65. Rc3 Kd2 66. Rf3
Re6 67. Ra3 Re2+ 68. Kg1 Re3 69. Ra6 Rxh3 70. Rxc6 Kd3 71. Kg2 Rg3+ 72. Kf2 Kxd4
73. Rh6 Rg4 74. Kf3 Re4 75. Rh5 Kc4 76. Rh8 Kd3 77. Ra8 Rc4 78. Rh8 Kc3 79. Ke2
Re4+ 80. Kf3 Kd3 81. Ra8 h3 82. Rh8 d4 83. Kf2 Re2+ 84. Kf1 Re3 85. Kf2 Kd2 86.
Ra8 Rc3 87. Ra2+ Rc2 88. Ra8 d3 89. Rh8 Kc1+ 90. Ke3 d2 91. Kd4 0-1

[Event "FIDE World Bl Team Pool A"]
[Site "London ENG"]
[Date "2025.06.14"]
[Round "7.4"]
[White "Vincent, Trevor"]
[Black "Eljanov, Pavel"]
[Result "0-1"]
[BlackTitle "GM"]
[WhiteElo "2226"]
[BlackElo "2669"]
[WhiteTeam "ChessbrahTV"]
[BlackTeam "Ashdod Elit Chess Club"]
[WhiteFideId "2605600"]
[BlackFideId "14102951"]
[EventDate "2025.06.14"]
[EventType "team"]

1. Nf3 d5 2. d4 Nf6 3. c4 e6 4. Nc3 Nbd7 5. g3 c6 6. Bg2 dxc4 7. e4 Be7 8. O-O
O-O 9. e5 Nd5 10. Ne4 h6 11. h4 b5 12. Nh2 f5 13. exf6 N7xf6 14. Nd2 c5 15. Ndf3
cxd4 16. Nxd4 Qb6 17. a4 bxa4 18. Rxa4 c3 19. Qb3 Qxb3 20. Nxb3 Rb8 21. bxc3
Rxb3 22. c4 Nc3 23. Rxa7 Bc5 24. Rc7 Bb6 25. Rc6 Ne2+ 26. Kh1 Nxc1 27. Rxc1 Bxf2 0-1

[Event "FIDE World Bl Team Pool A"]
[Site "London ENG"]
[Date "2025.06.14"]
[Round "7.5"]
[White "Osmak, Yuliia"]
[Black "Garcia Martin, Marta"]
[Result "1-0"]
[WhiteTitle "IM"]
[BlackTitle "IM"]
[WhiteElo "2468"]
[BlackElo "2339"]
[WhiteTeam "Ashdod Elit Chess Club"]
[BlackTeam "ChessbrahTV"]
[WhiteFideId "14101602"]
[BlackFideId "32084030"]
[EventDate "2025.06.14"]
[EventType "team"]

1. b4 Nf6 2. Bb2 g6 3. e3 Bg7 4. Nf3 O-O 5. Be2 d6 6. O-O e5 7. c4 a5 8. b5 Nbd7
9. d3 a4 10. a3 Nc5 11. Nc3 e4 12. dxe4 Nfxe4 13. Nd4 Nxc3 14. Bxc3 Bd7 15. Rc1
Re8 16. Bf3 Qc8 17. Qc2 Bg4 18. Bd5 Bd7 19. Rfd1 c6 20. Bf3 Qc7 21. Qd2 Red8 22.
h3 Be8 23. Qb2 Rac8 24. Qd2 Ra8 25. h4 Be5 26. h5 Qe7 27. g3 Rac8 28. Bg2 Bf6
29. Qe2 Bg7 30. Qb2 Ne4 31. Ba5 Rd7 32. Qc2 Nc5 33. bxc6 bxc6 34. Nxc6 Qg5 35.
hxg6 hxg6 36. Bc3 Bxc3 37. Qxc3 Ne6 38. Nd4 Qc5 39. Nxe6 fxe6 40. Qf6 Bf7 41.
Rd4 Qxa3 42. Rcd1 Qb2 43. R1d2 Qa1+ 44. Rd1 Qb2 45. Be4 Rxc4 46. Bxg6 Rxd4 47.
Rxd4 a3 48. Bxf7+ Rxf7 49. Rg4+ 1-0

[Event "FIDE World Bl Team Pool A"]
[Site "London ENG"]
[Date "2025.06.14"]
[Round "7.6"]
[White "Grose, Kameron"]
[Black "Sailaubay, Aldiyar"]
[Result "1-0"]
[WhiteElo "1907"]
[BlackElo "1910"]
[WhiteTeam "ChessbrahTV"]
[BlackTeam "Ashdod Elit Chess Club"]
[WhiteFideId "474010"]
[BlackFideId "13729357"]
[EventDate "2025.06.14"]
[EventType "team"]

1. e4 d6 2. d4 Nf6 3. Nc3 e5 4. Nf3 Nbd7 5. Bg5 Be7 6. Bc4 O-O 7. O-O c6 8. dxe5
Nxe5 9. Nxe5 dxe5 10. Bxf6 Bxf6 11. Qe2 Qe7 12. Rad1 Be6 13. a3 g6 14. h3 Rfd8
15. Rxd8+ Rxd8 16. Bxe6 Qxe6 17. Rd1 Rxd1+ 18. Qxd1 Be7 19. Qd3 Qd6 20. Qe3 b6
21. g3 Qd7 22. Kg2 Bc5 23. Qf3 Kg7 24. Na4 Be7 25. Qc3 Bf6 26. b3 Qd6 27. b4 h5
28. Nb2 h4 29. Nc4 Qe6 30. gxh4 Qe7 31. h5 Qe6 32. hxg6 fxg6 33. Ne3 Bg5 34. Ng4
Bf4 35. Qd3 Qe7 36. c4 Kf7 37. c5 b5 38. Kf3 a6 39. Ke2 Ke8 40. Kf3 Qe6 41. a4
Ke7 42. axb5 axb5 43. Qa3 Qd7 44. Qa8 Qd3+ 45. Kg2 Qxe4+ 46. Kf1 Qh1+ 47. Ke2
Qxh3 48. Qb7+ Kf8 49. Qc8+ Kg7 50. Qd7+ Kh8 51. Qe8+ Kh7 52. Nf6+ Kg7 53. Qe7+
Kh6 54. Qh7+ Kg5 55. Qxh3 Kxf6 56. Qd7 1-0